An essay on economic systems : a teleological approach /

Bibliographic Details
Main Author: Englưs, Karel, 1880-
Other Authors: Moravcik, Ivo, 1926-2009
Format: Book
Language:English
Published: Boulder : East European Monographs ; 1986.
Series:East European monographs ; no. 201.
Subjects:

MARC

Tag First Indicator Second Indicator Subfields
LEADER 00000cam a2200000 a 4500
001 in00000012755
005 20151007051909.0
008 860702s1986 cou b 00010 eng d
010 |a  85082133  
020 |a 0880330953  |c $20.00 
035 |a (OCoLC)13810839 
035 |9 AAA5331AM 
040 |a IAA  |c LFM  |d IAA  |d IXA  |d IPL  |d TXA  |d UtOrBLW 
041 1 |a eng  |h cze 
049 |a TXAM  |c [A11025387] 
050 4 |a HB72  |b .E53 1986 
100 1 |a Englưs, Karel,  |d 1880- 
240 1 0 |a Hospodářské soustavy.  |l English 
245 1 3 |a An essay on economic systems :  |b a teleological approach /  |c by Karel Englis ; translated by Ivo Moravcik. 
264 1 |a Boulder :  |b East European Monographs ;  |c 1986. 
264 2 |a New York :  |b Distributed by Columbia University Press, 
300 |a xxviii, 153 pages ;  |c 23 cm. 
336 |a text  |b txt  |2 rdacontent 
337 |a unmediated  |b n  |2 rdamedia 
338 |a volume  |b nc  |2 rdacarrier 
490 1 |a East European monographs ;  |v no. 201 
500 |a Translation of: Hospodářské soustavy. 
504 |a Includes bibliographies. 
650 0 |a Economics  |x Philosophy. 
700 1 |a Moravcik, Ivo,  |d 1926-2009. 
830 0 |a East European monographs ;  |v no. 201. 
999 |a MARS 
999 f f |s 4ed7750f-5e51-3997-99a1-7b6cc3aa9070  |i 00618ba6-b609-30aa-8136-6441d1b568b1  |t 0 
952 f f |p ric  |a Texas A&M University  |b Rellis Campus  |c Joint Library Facility  |d Remote Storage  |t 0  |e HB72 .E53 1986  |h Library of Congress classification  |i unmediated -- volume  |m A14811025387 
998 f f |a HB72 .E53 1986  |t 0  |l Remote Storage